000 00307nam a22001217a 4500
008 180512b xxu||||| |||| 00| 0 eng d
041 _aeng
080 _a043.3
100 _a0
101 _aMBE-BA
245 _aCili eshte Roli i Institucioneve ne Zhvillimin e Ndermarresise?
_cHasanaj, E
942 _2udc
_cBK
999 _c45716
_d45716